000 00485nam a2200181Ia 4500
005 20250508162016.0
008 008 250505s9999 xx 000 0 eng d
037 _aReference
040 _aFEDL
_beng
_cFEDL
041 _aeng
_2eng
084 _a370.7, SHA
_qFEDL
100 _aSharma R A
_9390189
245 0 _aTechnology of teaching
260 _aMeerut, India
_bLoyal Book Depot
_c1980
300 _a443p.
942 _cREF
_h370.7, SHA
999 _c1373799
_d1373799